| 000 | 005640000a22001930004500 | ||
|---|---|---|---|
| 001 | 001985 | ||
| 003 | MACL | ||
| 005 | 20150731124315.0 | ||
| 008 | 150731b xxu||||| |||| 00| 0 eng d | ||
| 040 |
_aMACL _cMACL |
||
| 041 | _aEnglish | ||
| 082 | _a362.1/BHO | ||
| 100 |
_aBhowmik, Birendra _93707 |
||
| 245 |
_aReverse Ageing _bThoughts and Practices to live Long with a Creative Mind and Financial Soundness _cBirendra Bhowmik |
||
| 260 |
_aKolkata _c2001 _bSri Birendra Lal Bhowmik, |
||
| 350 | _a100 | ||
| 650 |
_aSocial Science _93708 |
||
| 942 |
_k362 _cBK _2ddc |
||
| 999 |
_c13901 _d13901 |
||